Mobil eszközök bevonása IT szolgáltatásokba

Bibliographic Details
Main Author: Molnár Márton Attila
Other Authors: Fauszt Dr. Tibor
Format: Thesis
Kulcsszavak:Mobileszközök
IT szolgáltatás
Okostelefonos szolgáltatás
Online Access:http://dolgozattar.uni-bge.hu/9121

MARC

LEADER 00000nta a2200000 i 4500
001 dolg9121
005 20161219130636.0
008 161219suuuu hu om 000 hun d
040 |a BGE Dolgozattár Repozitórium  |b hun 
041 |a hu 
100 1 |a Molnár Márton Attila 
245 1 0 |a Mobil eszközök bevonása IT szolgáltatásokba  |c Molnár Márton Attila  |h [elektronikus dokumentum] 
246 1 1 |a Mobil eszközök bevonása IT szolgáltatásokba 
695 |a Mobileszközök 
695 |a IT szolgáltatás 
695 |a Okostelefonos szolgáltatás 
700 1 |a Fauszt Dr. Tibor  |e ths 
856 4 0 |u http://dolgozattar.uni-bge.hu/9121/1/C0DIDT_Szakdolgozat.pdf  |z Dokumentum-elérés 
856 4 0 |u http://dolgozattar.uni-bge.hu/9121/7/nyilatkozat.jpg  |z Dokumentum-elérés 
856 4 0 |u http://dolgozattar.uni-bge.hu/9121/12/moln%C3%A1r%20m%C3%A1rton%20attila.pdf  |z Dokumentum-elérés